Madju terus, pantang mundur : (Record no. 89559)
[ view plain ]
| 000 -LEADER | |
|---|---|
| fixed length control field | 00692cam a22002171i 4500 |
| 001 - CONTROL NUMBER | |
| control field | sa 68020687 |
| 003 - CONTROL NUMBER IDENTIFIER | |
| control field | DLC |
| 005 - DATE AND TIME OF LATEST TRANSACTION | |
| control field | 20260227112726.0 |
| 008 - FIXED-LENGTH DATA ELEMENTS--GENERAL INFORMATION | |
| fixed length control field | 920724s1964 io 100 0 ind |
| 010 ## - LIBRARY OF CONGRESS CONTROL NUMBER | |
| LC control number | sa 68020687 |
| 025 ## - OVERSEAS ACQUISITION NUMBER | |
| Overseas acquisition number | PL2480:Indo-3593 |
| 035 ## - SYSTEM CONTROL NUMBER | |
| System control number | (OCoLC)26253631 |
| 040 ## - CATALOGING SOURCE | |
| Original cataloging agency | DLC |
| Transcribing agency | CU |
| Modifying agency | DLC |
| 042 ## - AUTHENTICATION CODE | |
| Authentication code | premarc |
| 050 00 - LIBRARY OF CONGRESS CALL NUMBER | |
| Classification number | DS632.3.C5 |
| Item number | B32 1964 |
| 110 2# - MAIN ENTRY--CORPORATE NAME | |
| Corporate name or jurisdiction name as entry element | Badan Permusyawaratan Kewarganegaraan Indonesia. |
| 245 10 - TITLE STATEMENT | |
| Title | Madju terus, pantang mundur : |
| Remainder of title | materi² Konperensi Pleno I Baperki di Semarang, September 1963. |
| 260 ## - PUBLICATION, DISTRIBUTION, ETC. | |
| Place of publication, distribution, etc. | [Djakarta] : |
| Name of publisher, distributor, etc. | Bagian Penerbitan, Baperki Pusat, |
| Date of publication, distribution, etc. | [1964] |
| 300 ## - PHYSICAL DESCRIPTION | |
| Extent | 136 p. ; |
| Dimensions | 22 cm. |
| 650 #0 - SUBJECT ADDED ENTRY--TOPICAL TERM | |
| Topical term or geographic name entry element | Chinese |
| Geographic subdivision | Indonesia |
| Form subdivision | Congresses. |
No items available.